| 000 | 00715nam a2200205Ia 4500 | ||
|---|---|---|---|
| 001 | 15509 | ||
| 003 | GE_BSU | ||
| 008 | 181216s||||||||xx |||||||||||||| ||und|| | ||
| 040 | _cGE_BSU | ||
| 080 | _a821.353.1-32 | ||
| 100 | _aჩხიკვაძე,პანტელეიმონ | ||
| 245 | _aერთტომეული. მოთხრობები | ||
| 245 | _cრედ.რ.ორჯონიკიძე მხატვ.ი.ჯანაშვილი | ||
| 260 | _aთბილისი | ||
| 260 | _bსახელგამი | ||
| 260 | _c1955 | ||
| 300 | _a503გ.1ფ.პორტრ.22სმ. | ||
| 653 | _aერთტომეული. მოთხრობები | ||
| 942 | _cBK | ||
| 999 |
_c48609 _d48609 |
||